000 00701nam a2200193 4500
001 136110
003 ES-MaACL
005 20240305181340.0
007 t|
008 070214s1929 sp r ||||1| spa d
100 1 _aRoy Herreros, Pedro.
_9100209
245 1 0 _aPlanes escolares de la Villa y Corte :
_bparques infantiles, excursiones escolares, escuelas al aire libre, colonias escolares y plan económico /
_cPedro Roy Herreros.
260 _aMadrid :
_b[s.n.],
_c1929 (
_fImp. Municipal)
300 _a110 p. :
_bil. ;
_c22 cm.
650 7 _aEnseñanza primaria-
_zMadrid
_2
_9172161
650 4 _aColonias escolares-
_zMadrid.
_9150840
852 _aES-MaACL
_j1764-F-19
999 _c136110
_d136110